LEADER 00750nam0-22002891i-450- 001 990000332950403321 005 20001010 035 $a000033295 035 $aFED01000033295 035 $a(Aleph)000033295FED01 035 $a000033295 100 $a20001010d--------km-y0itay50------ba 101 0 $aita 105 $ay-------001yy 200 1 $aEssais des fers et des aciers$fPar E. Cornut. 210 $aParis$cBernard et C.ie$d1893 215 $a160 p., 30 cm 676 $a672 700 1$aCornut,$bE.$018730 801 0$aIT$bUNINA$gRICA$2UNIMARC 901 $aBK 912 $a990000332950403321 952 $a04 182-14$bCI 532$fDINCH 959 $aDINCH 996 $aEssais des fers et des aciers$9123728 997 $aUNINA DB $aING01 LEADER 01077nam0-22003611i-450 001 990001807070403321 005 20201026110326.0 010 $a88-08-14192-6 035 $a000180707 035 $aFED01000180707 035 $a(Aleph)000180707FED01 035 $a000180707 100 $a20021010d1997----km-y0itay50------ba 101 1 $aita$ceng 102 $aIT 105 $aa 001yy 200 1 $a<>forma delle piante$eguida illustrata alla morfologia delle angiosperme$fAdrian D. Bell$gi disegni al tratto sono di Alan Bryan 210 $aBologna$cZanichelli$d1997 215 $aXII, 337 p.$cill.$d17 cm 610 0 $aAngiosperme - morfologia 610 0 $aBotanica - immagini e illustrazioni connesse 676 $a582.13 676 $a580.222$v23$zita 700 1$aBell,$bAdrian D.$077218 702 1$aBryan,$bAlan 801 0$aIT$bUNINA$gRICA$2UNIMARC 901 $aBK 912 $a990001807070403321 952 $a60 580.222 BELA 1997$b6438$fFAGBC 959 $aFAGBC 996 $aForma delle piante$986589 997 $aUNINA DB $aING01